| 000 | 00593nam a22002051a 4500 | ||
|---|---|---|---|
| 001 | 1664111 | ||
| 005 | 20160914020002.0 | ||
| 008 | 740305s1964 pau b 00010 eng | ||
| 035 | _a(OCoLC)ocm00820646 | ||
| 035 | _a(CONdb)58157 | ||
| 040 |
_aDLC _cBSC _dOCL _dICE _dCONdb |
||
| 050 |
_aBT795 _b.E45 |
||
| 100 | 1 | 0 |
_aEmerson, James G. _d1926- _q(James Gordon), |
| 245 | 1 | 0 |
_aDynamics of forgiveness, _cby James G. Emerson, Jr. _h[Text] |
| 260 | 0 |
_aPhiladelphia _bWestminster Press _c[1964] |
|
| 300 | _a203 p. 21 cm. | ||
| 504 | _aIncludes Index | ||
| 650 | 0 | _aForgiveness of sin. | |
| 942 | 0 | 0 | _04 |
| 999 |
_c6664 _d6664 |
||